Statistics for Enemies of Central Asian Countries

Click here to take the quiz!

General Stats

  • This quiz has been taken 67 times
  • The average score is 7 of 8

Answer Stats

CountryEnemy% Correct
PakistanIndia
94%
KazakhstanUnited States
94%
KyrgyzstanUnited States
94%
TajikistanUnited States
94%
TurkmenistanUnited States
94%
UzbekistanUnited States
94%
TalibanAfghanistan
87%
AfghanistanTaliban
77%

Score Distribution

Percentile by Number Answered

Percent of People with Each Score

Your Score History

You have not taken this quiz